Bilecik Bilecik Bilecik Bilecik Bilecik

İsveç ülke raporu : (Record no. 57328)

MARC details
000 -BAŞLIK
Sabit Uzunluktaki Kontrol Alanı 01201nam a22003377a 4500
001 - KONTROL NUMARASI
Control Dosyası 0057523
003 - KONTROL NUMARASI KİMLİĞİ
Kontrol Alanı KOHA_MİRAKIL
005 - EN SON İŞLEM TARİHİ ve ZAMANI
Kontrol Alanı 20260207004123.0
007 - FİZİKSEL TANIM SABİT ALAN - GENEL BİLGİ
Sabit uzunluklu kontrol alanı ta
008 - SABİT UZUNLUKTAKİ VERİ ÖGELERİ - GENEL BİLGİ
Sabit Alan 160506b2016 tu |||gr||||#||||0|tur |
020 ## - ISBN - ULUSLARARASI STANDART KİTAP NUMARASI
Isbn 9786058356900
040 ## - KATALOGLAMA KAYNAĞI
Özgün Kataloglama Kurumu TR-BiSEU
Kataloglama Dili tur
Çeviri Kurumu TR-BiSEU
Açıklama Kuralları rda
041 0# - DİL KODU
Metin ya da ses kaydının dil kodu tur
044 ## - YAYINLAYAN/ÜRETEN KURULUŞUN ÜLKE KODU
ISO country code tu
050 ## - SINIFLAMA ve YER NUMARASI
Sınıflama Numarası JV8745
Yer Numarası .I88 2016
245 0# - ESER ADI BİLDİRİMİ
Başlık İsveç ülke raporu :
Alt Eseradı vb. İsveç'te entegrasyon politikaları ve Türkiye diasporası/
Sorumluluk Bildirimi Editör Erdal Akdeve.
264 #1 - ÜRERİM, YAYIN, DAĞITIM ve TELİF BİLDİRİMİ
Yayın yeri Ankara :
Yayınlayan Ankara Sosyal Bilimler Üniversitesi
Yayın tarihi 2016
300 ## - FİZİKSEL TANIMLAMA
Sayfa, Cilt vb. 93 sayfa; 25 cm.
336 ## - İÇERİK TÜRÜ
Content type term metin
Content type code txt
Source rdacontent
337 ## - MEDYA TÜRÜ
Media type term aracısız
Media type code n
Source rdamedia
338 ## - TAŞIYICI TÜRÜ
Carrier type term cilt
Carrier type code nc
Source rdacarrier
490 1# - DİZİ BİLDİRİMİ
Dizi Bildirimi Ankara Sosyal Bilimler Üniversitesi Yayın No ;
Cilt Numarası 001.
650 #0 - KONU BAŞLIĞI EK GİRİŞ - KONU TERİMİ
Konusal terim veya coğrafi ad Türkiye--Göç ve göçmenlik
9 (RLIN) 10464
650 #0 - KONU BAŞLIĞI EK GİRİŞ - KONU TERİMİ
Konusal terim veya coğrafi ad Göç, İç--Türkiye
9 (RLIN) 106577
650 #0 - KONU BAŞLIĞI EK GİRİŞ - KONU TERİMİ
Konusal terim veya coğrafi ad Göç ve göçmenlik--Sosyal açıdan
9 (RLIN) 106578
650 #0 - KONU BAŞLIĞI EK GİRİŞ - KONU TERİMİ
Konusal terim veya coğrafi ad Migration, Internal--Turkey
9 (RLIN) 67769
650 #0 - KONU BAŞLIĞI EK GİRİŞ - KONU TERİMİ
Konusal terim veya coğrafi ad Emigration and immigration--Social aspects
9 (RLIN) 72703
650 #0 - KONU BAŞLIĞI EK GİRİŞ - KONU TERİMİ
Konusal terim veya coğrafi ad Turkey--Emigration and immigration
9 (RLIN) 10462
830 1# - SERİ EK GİRİŞİ - TEKBİÇİM ESER ADI
Tekbiçim Başlık Ankara Sosyal Bilimler Üniversitesi Yayın No ;
Volume number/sequential designation 001.
9 (RLIN) 106579
942 ## - EK GİRİŞ ÖGELERİ (KOHA)
Source of classification or shelving scheme Library of Congress Classification
Koha item type Book
Holdings
Materyal Türü Kalıcı Konum Mevcut Konum Raf Yeri Sınıflandırma Kaynağı Edinim Bilgisi Ana Konular Alt Konular Yer Numarası Demirbaş Numarası Fatura Tarihi Geri Çekilme Durumu Kayıp Durumu Hasarlı Durumu Kredi için değil Kayıt Tarih Toplam Ödünçverme Son Görülme Tarihi Son Kontrol Tarihi Genel / Bağış Notu
Book Prof. Dr. Azmi Özcan Kütüphanesi Prof. Dr. Azmi Özcan Kütüphanesi Uluğbey Salonu Library of Congress Classification Bağış SİYASET BİLİMİ Sömürgeler ve Sömürgecilik, Göç JV8745 .I88 2016 0057523 02/02/2026         06/05/2016   05/12/2024 05/12/2024 Genel Bağış